Významné procesné legislatívne zmeny pri správe daní po novele daňového poriadku účinné od 1.1. 2013

Informácia k vybraným ustanoveniam daňového poriadku. Ilustračné príklady.

Gespeichert in:
Bibliographische Detailangaben
1. Verfasser: Mečár, Miroslav
Weitere Verfasser: Jurčíková, Božena
Format: Buchkapitel
Sprache:Slowakisch
Schlagworte:
Tags: Tag hinzufügen
Keine Tags, Fügen Sie das erste Tag hinzu!

MARC

LEADER 00000naa a2200000 4500
001 0166382
005 20231207111923.6
041 0 |a slo 
044 |a SK 
245 1 0 |a Významné procesné legislatívne zmeny pri správe daní po novele daňového poriadku účinné od 1.1. 2013  |c Miroslav Mečár, Božena Jurčíková 
520 |a Informácia k vybraným ustanoveniam daňového poriadku. Ilustračné príklady. 
610 2 0 |a legislatíva 
610 2 0 |a Slovensko 
610 2 0 |a správa daňová 
610 2 0 |a novelizácia 
610 2 0 |a priznania daňové 
100 1 |a Mečár, Miroslav 
700 1 |a Jurčíková, Božena